Najwyżej oceniane seriale oraz filmy na netflix w 2024 - Statystyki

Ogólne statystyki
  • Ten quiz został rozwiązany 53 razy
  • Średni wynik to 3 z 20
Statystyki odpowiedzi
Serial/Film % Poprawnych
Stranger Things
70%
Breaking Bad
60%
Better Call Saul
21%
Peaky Blinders
19%
Arcane
16%
Dark
14%
Friends
9%
Rick and Morty
9%
Black Mirror
7%
BoJack Horseman
7%
Narcos
7%
Our Planet
5%
The office
5%
The last dance
2%
When They See Us
2%
Car Masters: Rust to Riches
0%
David Attenborough: A Life on Our Planet
0%
Monty Python's Flying Circus
0%
Seinfeld
0%
Still Game
0%
Nie znaleziono quizów pasujących do podanych kryteriów
Rozkład punktacji
Procent ludzi z każdym wynikiem
Percentyl według liczby udzielonych odpowiedzi
Twoja historia wyników
Nie rozwiązałeś tego quizu